Statistics for Glasgow Subway Stations

Click here to take the quiz!

General Stats

  • This quiz has been taken 182 times
  • The average score is 10 of 15

Answers on the Map

Answers color-coded by a green-red scale on the quiz's map according to % correct below.
Loading ...
 

Answer Stats

Stations% Correct
Buchanan Street
85%
Ibrox
84%
St Enoch
83%
Partick
80%
Govan
77%
Cowcaddens
72%
Kelvinbridge
70%
Hillhead
68%
Kelvinhall
61%
St George's Cross
56%
Bridge Street
54%
Kinning Park
52%
West Street
48%
Cessnock
45%
Shields Road
45%

Score Distribution

Percentile by Number Answered

Percent of People with Each Score

Your Score History

You have not taken this quiz